Έρευνα απασχόλησης : Βόρειο Αιγαίο Επαγγελματική κινητικότητα, κοινωνικά δίκτυα, δομή και κατάτμηση της αγοράς εργασίας σε μία νησιωτική περιοχή στα πλαίσια του προγράμματος "Orpheas"

Αποθηκεύτηκε σε:
Λεπτομέρειες βιβλιογραφικής εγγραφής
Συλλογικό Έργο: Πανεπιστήμιο Αιγαίου Σχολή Κοινωνικών Επιστημών Τμήμα Κοινωνιολογίας, Ευρωπαϊκό Κοινωνικό Ταμείο, Περιφέρεια Βορείου Αιγαίου
Άλλοι συγγραφείς: Χτούρης, Σωτήρης Ν. (Επιμελητής έκδοσης)
Μορφή: Βιβλίο
Γλώσσα:Greek
Δημοσίευση: Μυτιλήνη : Πανεπιστήμιο Αιγαίου, Τμήμα Κοινωνιολογίας, 2005
Θέματα:
Ετικέτες: Προσθήκη ετικέτας
Δεν υπάρχουν, Καταχωρήστε ετικέτα πρώτοι!

MARC

LEADER 00000cam a2200000 i 4500
001 1/40176
008 070119s2005 gre d
035 |l 10086768 
040 |a GR-MY-UA  |b gre  |e aacr 
041 0 |a gre 
082 0 |a 338.949582  |2 (22) 
110 2 |a Πανεπιστήμιο Αιγαίου  |b Σχολή Κοινωνικών Επιστημών  |b Τμήμα Κοινωνιολογίας. 
245 1 0 |a Έρευνα απασχόλησης :  |b Βόρειο Αιγαίο Επαγγελματική κινητικότητα, κοινωνικά δίκτυα, δομή και κατάτμηση της αγοράς εργασίας σε μία νησιωτική περιοχή στα πλαίσια του προγράμματος "Orpheas" /  |c Χτούρης Σωτήρης επιμέλεια 
260 |a Μυτιλήνη :   |b Πανεπιστήμιο Αιγαίου, Τμήμα Κοινωνιολογίας,   |c 2005 
300 |a 151 σ.;  |b διαγρ., πίν.;  |c 24 εκ. 
504 |a Περιλαμβάνει βιβλιογραφία 
650 0 0 |a Employment forecasting  |z Aegean Islands (Greece and Turkey) 
650 0 0 |a Social networks. 
650 0 0 |a Labor market  |z Greece. 
700 1 |a Χτούρης, Σωτήρης Ν.  |4 edt 
710 2 |a Ευρωπαϊκό Κοινωνικό Ταμείο. 
710 2 |a Περιφέρεια Βορείου Αιγαίου. 
852 |a INST  |b CHIOS  |e 20070119  |h 338.949582 ΕΡΕ  |p 005200024035  |q 005200024035  |t BK  |y 0 
901 |a BIBL2-2007-1 
909 |a Χ  |b 105687 
970 |a ΒΑΣΙΛΑΚΗ  |b ΝΙΚΗ  |z 2007/01/19